00669nas a2200217 4500001001000000003000900010005001700019007000300036008003400039040005400073041000900127072000800136100002100144245008500165650002100250650001600271650002700287650002200314650002300336773009200359BR0102581BR-BrBNA20231205102247.0ta230509b bl.|||p| |||| 00| 00por d aBR-BrBNAbporcBiblioteca Nacional de Agricultura a(Pt) aE131 aSantiago, M.M.D.1 aUma analise econometrica da divida agricola brasileira: o caso da poupanca rural aCredito Agricola aEconometria aPolitica Governamental aAnalise Economica aPolitica Monetaria0 tAgricultura em Sao Paulo (Brazil)xISSN 0044-6793g(2000), v. 47(2) p. 21-40wBR0102581